| 000 | 00576nam a2200193Ia 4500 | ||
|---|---|---|---|
| 003 | GCL | ||
| 008 | 140319s9999 xx 000 0 ara d | ||
| 020 | _a6006219660 | ||
| 040 |
_aGCL / _cGCL |
||
| 082 | 0 | 4 |
_a812 _bن ل |
| 100 | 1 | _aنعيمان عثمان | |
| 245 | 1 | 0 |
_aاللعبة ( مسرحية ) / _cنعيمان عثمان |
| 250 | _aالاولى | ||
| 260 |
_aالرياض : _bالنادى الادبى الثقافى ، _c1993 |
||
| 300 |
_a103 ص ؛ _c24 سم |
||
| 650 | 0 | 4 | _aالمسرحيات |
| 650 | 0 | 4 | _aالمسرحيات العربية |
| 942 |
_2ddc _cBK |
||
| 999 |
_c7080 _d7080 |
||